| 000 | 00431nam a2200169Ia 4500 | ||
|---|---|---|---|
| 005 | 20250221010942.0 | ||
| 008 | 240331s9999 xx 000 0 und d | ||
| 082 |
_bPOW _a954 |
||
| 100 | _aPowell, G | ||
| 245 | 4 |
_aThe Kandyan wars : _bThe British army in Ceylon 1803-1818 |
|
| 260 |
_aNew Delhi _bNavrang _c1984 |
||
| 300 | _a319 p ., | ||
| 650 | _aCeylon History | ||
| 650 | _aBritish Asian | ||
| 650 | _aSoldiers | ||
| 942 | _cL | ||
| 999 |
_c3462 _d3462 |
||